Private residential elderly care (Record no. 115142)

MARC details
000 -LEADER
fixed length control field 00857cam a22001935a 4500
001 - CONTROL NUMBER
control field L158102
008 - FIXED-LENGTH DATA ELEMENTS--GENERAL INFORMATION
fixed length control field 140605s2014 xxk f 000 0 eng d
035 ## - SYSTEM CONTROL NUMBER
System control number (Sirsi) u158102
041 0# - LANGUAGE CODE
Language code of text/sound track or separate title eng
110 2# - MAIN ENTRY--CORPORATE NAME
Corporate name or jurisdiction name as entry element Grant Thornton
9 (RLIN) 3043
245 00 - TITLE STATEMENT
Title Private residential elderly care
Remainder of title UK sector review
Medium [electronic resource]
260 ## - PUBLICATION, DISTRIBUTION, ETC.
Place of publication, distribution, etc. London
Date of publication, distribution, etc. Grant Thornton
Name of publisher, distributor, etc. 2014
520 ## - SUMMARY, ETC.
Summary, etc. Reviews the Private Residential Elderly care sector and seeks to provide lenders, financiers and corporates with an overview of the sector performance, trends and an assessment of the market.
590 ## - LOCAL NOTE (RLIN)
Local note KA
651 #4 - SUBJECT ADDED ENTRY--GEOGRAPHIC NAME
Geographic name United Kingdom
690 ## - LOCAL SUBJECT ADDED ENTRY--TOPICAL TERM (OCLC, RLIN)
Topical term or geographic name as entry element Commercial property
9 (RLIN) 6227
856 40 - ELECTRONIC LOCATION AND ACCESS
Uniform Resource Identifier <a href="https://www.grant-thornton.co.uk/en/Publications/2014/Private-Residential-Elderly-Care-UK-sector-review/">https://www.grant-thornton.co.uk/en/Publications/2014/Private-Residential-Elderly-Care-UK-sector-review/</a>
Public note View the item free of charge from the www.grant-thornton.co.uk
942 ## - ADDED ENTRY ELEMENTS (KOHA)
Suppress in OPAC 0
Holdings
Withdrawn status Lost status Source of classification or shelving scheme Damaged status Not for loan Home library Current library Shelving location Date acquired Total Checkouts Full call number Barcode Date last seen Copy number Price effective from Koha item type
    Dewey Decimal Classification     Virtual Virtual Online 05/06/2014   ONLINE PUBLICATION 158102-2001 06/08/2019 1 06/08/2019 Book